Ефективність використання інтерактивних методів навчання англійської мови в польських школах (Запис № 285458)
[ простий вигляд ]
| 000 -LEADER | |
|---|---|
| fixed length control field | 01651nam a22001577a 4500 |
| 041 ## - LANGUAGE CODE | |
| Language code of text/sound track or separate title | ukr |
| 080 ## - UNIVERSAL DECIMAL CLASSIFICATION NUMBER | |
| Universal Decimal Classification number | 09 |
| 090 ## - LOCALLY ASSIGNED LC-TYPE CALL NUMBER (OCLC); LOCAL CALL NUMBER (OCLC) | |
| Local cutter number (OCLC) ; Book number/undivided call number, CALL (RLIN) | МОР |
| 100 ## - MAIN ENTRY--PERSONAL NAME | |
| Personal name | Морозовська, А. В. |
| 245 ## - TITLE STATEMENT | |
| Title | Ефективність використання інтерактивних методів навчання англійської мови в польських школах |
| 260 ## - PUBLICATION, DISTRIBUTION, ETC. (IMPRINT) | |
| Place of publication, distribution, etc | Острог |
| Name of publisher, distributor, etc | КАФ |
| Date of publication, distribution, etc | 2014 |
| 300 ## - PHYSICAL DESCRIPTION | |
| Extent | 57 |
| 520 ## - SUMMARY, ETC. | |
| Summary, etc | Вступ.<br/>Розділ І. Загальна характеристика інтерактивних методів навчання англійської мови.<br/>1.1. Поняття та історія виникнення інтерактивних методик<br/>1.2. Види методів інтерактивного навчання<br/>1.3. Компютерні технології як інтерактивні методи їх ефективність<br/>Розділ ІІ.Інтерактивні методи навчання англіської мови в польських школах та їх ефективність.<br/>2.1. Польська система освіти<br/>2.2. Використання інтерактивних методів англійської мови в польських школах<br/>2.3. Дидактичні засади ефективного застосування інтерактивних методів навчання англійської мови<br/>Висновки.<br/>Список використаних джерел.<br/>додатки. |
| -- | методика, інтерактивний метод, Польща |
| 650 ## - SUBJECT ADDED ENTRY--TOPICAL TERM | |
| Topical term or geographic name as entry element | Research Papers |
| 942 ## - ADDED ENTRY ELEMENTS (KOHA) | |
| Koha item type | Книги |
| Withdrawn status | Lost status | Source of classification or shelving scheme | Damaged status | Not for loan | Home library | Current library | Date acquired | Source of acquisition | Cost, normal purchase price | Total Checkouts | Full call number | Barcode | Date last seen | Price effective from | Koha item type |
|---|---|---|---|---|---|---|---|---|---|---|---|---|---|---|---|
| Universal Decimal Classification | ВІЛ - Відділ іноземн. літератури НБ | ВІЛ - Відділ іноземн. літератури НБ | 17/06/2014 | Акт №8 | 1.00 | 09 | 215476 | 10/11/2021 | 17/06/2014 | Книги |